<?xml version="1.0" encoding="UTF-8"?>
<record
    xmlns:xsi="http://www.w3.org/2001/XMLSchema-instance"
    xsi:schemaLocation="http://www.loc.gov/MARC21/slim http://www.loc.gov/standards/marcxml/schema/MARC21slim.xsd"
    xmlns="http://www.loc.gov/MARC21/slim">

  <leader>00303nam a2200133   4500</leader>
  <datafield tag="082" ind1=" " ind2=" ">
    <subfield code="a">664  RAM</subfield>
  </datafield>
  <datafield tag="100" ind1=" " ind2=" ">
    <subfield code="a">Ramasamy,M</subfield>
  </datafield>
  <datafield tag="245" ind1=" " ind2=" ">
    <subfield code="a">A Treatise and manual of food analysis</subfield>
  </datafield>
  <datafield tag="250" ind1=" " ind2=" ">
    <subfield code="a">3rd ed.</subfield>
  </datafield>
  <datafield tag="260" ind1=" " ind2=" ">
    <subfield code="a">wattala</subfield>
    <subfield code="b">Kribs printers</subfield>
    <subfield code="c">2009</subfield>
  </datafield>
  <datafield tag="300" ind1=" " ind2=" ">
    <subfield code="a">236   p</subfield>
  </datafield>
  <datafield tag="650" ind1=" " ind2=" ">
    <subfield code="a">food analysis</subfield>
  </datafield>
  <datafield tag="942" ind1=" " ind2=" ">
    <subfield code="c">BK</subfield>
  </datafield>
  <datafield tag="999" ind1=" " ind2=" ">
    <subfield code="c">1670</subfield>
    <subfield code="d">1670</subfield>
  </datafield>
  <datafield tag="952" ind1=" " ind2=" ">
    <subfield code="0">0</subfield>
    <subfield code="1">0</subfield>
    <subfield code="7">0</subfield>
    <subfield code="8">NFIC</subfield>
    <subfield code="a">IC</subfield>
    <subfield code="b">IC</subfield>
    <subfield code="c">GEN</subfield>
    <subfield code="d">2015-07-24</subfield>
    <subfield code="g">1075.00</subfield>
    <subfield code="l">2</subfield>
    <subfield code="o">664  RAM</subfield>
    <subfield code="p">006226</subfield>
    <subfield code="r">2022-11-17 00:00:00</subfield>
    <subfield code="s">2020-03-10</subfield>
    <subfield code="w">2015-07-24</subfield>
    <subfield code="y">BK</subfield>
  </datafield>
  <datafield tag="952" ind1=" " ind2=" ">
    <subfield code="0">0</subfield>
    <subfield code="1">0</subfield>
    <subfield code="7">0</subfield>
    <subfield code="8">NFIC</subfield>
    <subfield code="a">IC</subfield>
    <subfield code="b">IC</subfield>
    <subfield code="c">GEN</subfield>
    <subfield code="d">2015-07-24</subfield>
    <subfield code="g">1075.00</subfield>
    <subfield code="l">2</subfield>
    <subfield code="m">1</subfield>
    <subfield code="o">664  RAM</subfield>
    <subfield code="p">006225</subfield>
    <subfield code="r">2022-11-17 00:00:00</subfield>
    <subfield code="s">2018-09-18</subfield>
    <subfield code="w">2015-07-24</subfield>
    <subfield code="y">BK</subfield>
  </datafield>
  <datafield tag="952" ind1=" " ind2=" ">
    <subfield code="0">0</subfield>
    <subfield code="1">0</subfield>
    <subfield code="7">0</subfield>
    <subfield code="8">NFIC</subfield>
    <subfield code="a">IC</subfield>
    <subfield code="b">IC</subfield>
    <subfield code="c">FIC</subfield>
    <subfield code="d">2015-07-24</subfield>
    <subfield code="g">1075.00</subfield>
    <subfield code="l">3</subfield>
    <subfield code="o">664  RAM</subfield>
    <subfield code="p">006227</subfield>
    <subfield code="r">2022-11-17 00:00:00</subfield>
    <subfield code="s">2018-07-14</subfield>
    <subfield code="w">2015-07-24</subfield>
    <subfield code="y">BK</subfield>
  </datafield>
  <datafield tag="952" ind1=" " ind2=" ">
    <subfield code="0">0</subfield>
    <subfield code="1">0</subfield>
    <subfield code="7">0</subfield>
    <subfield code="8">NFIC</subfield>
    <subfield code="a">IC</subfield>
    <subfield code="b">IC</subfield>
    <subfield code="c">GEN</subfield>
    <subfield code="d">2015-08-25</subfield>
    <subfield code="g">1075.00</subfield>
    <subfield code="l">2</subfield>
    <subfield code="o">543.1  RAM</subfield>
    <subfield code="p">004023</subfield>
    <subfield code="r">2016-01-28 00:00:00</subfield>
    <subfield code="s">2015-11-28</subfield>
    <subfield code="y">SBK</subfield>
  </datafield>
</record>
